Klassifikation
| Main Author: | |
|---|---|
| Format: | Book |
| Language: | Undetermined |
| PhysicalDescription: | 62 s. |
| Published: |
Berlin
Zentralinstitut für Bibliothekswesen
1984
|
MARC
| LEADER | 00000nam a2200000 a 4500 | ||
|---|---|---|---|
| 001 | vtls001319855 | ||
| 003 | SK-MaSNL | ||
| 005 | 20260301065604.0 | ||
| 008 | 240318s1984 xx 0 und | ||
| 035 | |a SNK000272475 | ||
| 040 | |a SNK |b slo |c SNK |e AACR2 | ||
| 100 | 1 | |a Lehmann, Kathrin |4 aut |9 384565 | |
| 245 | 1 | 0 | |a Klassifikation |
| 260 | |a Berlin |b Zentralinstitut für Bibliothekswesen |c 1984 | ||
| 300 | |a 62 s. | ||
| 958 | |a OND | ||
| 999 | |c 631249 |d 633179 | ||
| 952 | |a SNK |b SNK |y NEVYP |7 0 |p 17A0096420 |0 0 |1 1 |4 0 |d 1998-02-06 |l 0 |r 2005-01-02 00:00:00 |w 2026-02-23 | ||


